Changing Concepts of Time /
Se reúnen 5 ensayos en los que el autor presenta la modificación en la concepción del tiempo que se han experimentado con los cambios tecnológicos en la comunicación. Se explora las implicaciones militares de la constitución de Estados Unidos, la libertad de prensa, los monopolios de la comunicación...
Gardado en:
| Autor Principal: | |
|---|---|
| Outros autores: | |
| Formato: | Libro |
| Idioma: | inglés |
| Publicado: |
Lanham, EUA :
Rowman and Littlefield,
2004, c2004
|
| Series: | (Critical Media Studies. Institutions, Politics, and Culture)
|
| Temas: | |
| Etiquetas: |
Sen Etiquetas, Sexa o primeiro en etiquetar este rexistro!
|
MARC
| LEADER | 00000nam^a2200000^a^4500 | ||
|---|---|---|---|
| 001 | 000316109 | ||
| 005 | 20250521000000.0 | ||
| 009 | 20260310113303.391 | ||
| 020 | |a 0-7425-2818-9 | ||
| 037 | |a Acervo ITESO - Biblioteca | ||
| 041 | |a ING | ||
| 082 | |a 302. 201 |b INN | ||
| 100 | |a Innis, Harold Adams |e (autor) | ||
| 245 | 1 | 0 | |a Changing Concepts of Time / |c H.A. Innis ; introd. de J.W. Carey. |
| 264 | 4 | |a Lanham, EUA : |b Rowman and Littlefield, |c 2004, c2004 | |
| 300 | |a XXVI, 133 p. | ||
| 336 | |a texto |b txt |2 rdacontenido | ||
| 337 | |a sin mediación |b n |2 rdamedio | ||
| 338 | |a volumen |b nc |2 rdasoporte | ||
| 440 | 1 | |a (Critical Media Studies. |p Institutions, Politics, and Culture) | |
| 520 | |a Se reúnen 5 ensayos en los que el autor presenta la modificación en la concepción del tiempo que se han experimentado con los cambios tecnológicos en la comunicación. Se explora las implicaciones militares de la constitución de Estados Unidos, la libertad de prensa, los monopolios de la comunicación, la cultura y la comunicación política de las candidaturas presidenciales y otras cuestiones relacionadas con la comunicación. | ||
| 649 | |a XX | ||
| 650 | |a Espacio y Tiempo - |x Tema Principal | ||
| 650 | |a Derecho Romano - |z Inglaterra | ||
| 650 | |a Medios de Comunicación - |z EUA - |x Aspectos Políticos | ||
| 650 | |a Medios de Comunicación - |x Aspectos Políticos | ||
| 650 | |a Medios de Comunicación - |z EUA - |x Aspectos Sociales y Culturales - |x Tema Principal | ||
| 650 | |a Medios de Comunicación - |x Aspectos Sociales y Culturales | ||
| 650 | |a Relaciones Interculturales - |z Canadá-EUA | ||
| 650 | |a Economía - |x Historia - |y Siglo XX | ||
| 650 | |a Comunicación y Política | ||
| 650 | |a Escuela de Toronto - |x Tema Principal | ||
| 650 | |a Sociología de la Comunicación | ||
| 650 | |a Comunicación - |x Teoría | ||
| 700 | |a Carey, James W. |e (introducción) | ||
| 910 | |a Fondo General | ||
| 920 | |a Impresos - Libros | ||
| 930 | |a Colección General | ||
| 905 | |a 101 | ||
| 901 | |a 0500202830 |b IT1 |c ACC |i C129883 |u 20250521 | ||
| 902 | |a https://opac.biblio.iteso.mx/vufind/Record/000316109 | ||